[Event " "]
[Site "Lyon Olympique Echecs"]
[Date "21.??.??"]
[Round "6.1"]
[White "Sikula, Vaszilij"]
[Black "Kosten, Anthony C"]
[Result "1-0"]
[WhiteElo "2515"]
[BlackElo "2534"]
[PlyCount "63"]
[EventDate "21.??.??"]
[WhiteTeam "Epinal"]
[BlackTeam "Marseille Duchamps"]

1. e4 e5 2. Nf3 Nc6 3. Bc4 Nf6 4. d3 Bc5 5. c3 a6 6. Bb3 O-O 7. O-O Ba7 8. h3
h6 9. Re1 d6 10. Nbd2 Nh5 11. Nf1 Qf6 12. Be3 Bxe3 13. Nxe3 Nf4 14. Kh2 Be6 15.
Ng1 Bxb3 16. axb3 Rad8 17. g3 Ne6 18. Rf1 Ne7 19. f4 exf4 20. gxf4 Nxf4 21. Ne2
g5 22. Nxf4 gxf4 23. Qg4+ Qg5 24. Rxf4 Ng6 25. Qxg5 hxg5 26. Rf5 f6 27. Nd5 c6
28. Nxf6+ Kg7 29. Raf1 Nf4 30. Rxg5+ Kh6 31. Rf5 Nxd3 32. Rg1 1-0

[Event " "]
[Site "Lyon Olympique Echecs"]
[Date "21.??.??"]
[Round "6.2"]
[White "Savchenko, Stanislav"]
[Black "Okhotnik, Vladimir"]
[Result "1-0"]
[WhiteElo "2525"]
[BlackElo "2486"]
[PlyCount "79"]
[EventDate "21.??.??"]
[WhiteTeam "Marseille Duchamps"]

1. Nf3 Nf6 2. c4 d6 3. d4 c5 4. Nc3 cxd4 5. Nxd4 Nc6 6. e4 e6 7. Be2 Be7 8. O-O
O-O 9. Be3 Qc7 10. Rc1 Qb8 11. Qd2 Rd8 12. Rfd1 Bd7 13. f3 a6 14. a4 Be8 15.
Bf1 Bf8 16. Qf2 Ne5 17. Kh1 h6 18. b3 Kh7 19. h3 Nc6 20. f4 g6 21. f5 exf5 22.
exf5 g5 23. Nd5 Bg7 24. Nxc6 Bxc6 25. Nxf6+ Bxf6 26. Bd4 Be5 27. f6 Be4 28. Bd3
Bxd3 29. Rxd3 Re8 30. Rcd1 Qc8 31. Bxe5 Rxe5 32. Rxd6 Qe8 33. Rd7 b5 34. cxb5
axb5 35. axb5 Qe6 36. Qc2+ Qf5 37. Rxf7+ Kg6 38. Rg7+ Kxf6 39. Qc7 Rf8 40. Rd6+
1-0

[Event " "]
[Site "Lyon Olympique Echecs"]
[Date "21.??.??"]
[Round "6.3"]
[White "Adrian, Claude"]
[Black "Renet, Olivier"]
[Result "0-1"]
[WhiteElo "2297"]
[BlackElo "2517"]
[PlyCount "88"]
[EventDate "21.??.??"]
[WhiteTeam "Epinal"]
[BlackTeam "Marseille Duchamps"]

1. Nf3 Nc6 2. c4 e5 3. Nc3 Nf6 4. g3 Bc5 5. Bg2 d6 6. O-O O-O 7. d3 h6 8. Ne1
Bf5 9. Nc2 Qd7 10. Be3 Rfe8 11. Rb1 Bh3 12. b4 Bxg2 13. Kxg2 Bd4 14. Nd5 Nxd5
15. cxd5 Bxe3 16. fxe3 $11 Ne7 17. e4 c6 18. Ne3 cxd5 19. Qb3 Rac8 20. Rf2 Rc7
21. Rbf1 f6 22. g4 Rec8 23. exd5 Rc3 24. Qb2 Qb5 25. a4 Qb6 26. Nc4 R3xc4 27.
dxc4 Rxc4 28. Qd2 Qxb4 29. Qxb4 Rxb4 30. Rc1 Nxd5 31. Rf3 Rxg4+ 32. Kf2 Kf7 33.
Rb3 b6 34. a5 Ke6 35. axb6 axb6 36. Rc8 Rh4 37. Kg3 g5 38. e3 f5 39. Ra3 Nxe3
40. Re8+ Kd5 41. Rd3+ Ke4 42. Rxd6 f4+ 43. Kf2 Rxh2+ 44. Ke1 Kf3 0-1

[Event " "]
[Site "Lyon Olympique Echecs"]
[Date "21.??.??"]
[Round "6.4"]
[White "Grabarczyk, Bogdan"]
[Black "Bakalarz, Mieczyslaw"]
[Result "1/2-1/2"]
[WhiteElo "2441"]
[BlackElo "2378"]
[PlyCount "32"]
[EventDate "21.??.??"]
[WhiteTeam "Marseille Duchamps"]

1. e4 e5 2. f4 exf4 3. Bc4 c6 4. Nc3 d5 5. exd5 Nf6 6. Nf3 Bd6 7. Qe2+ Qe7 8.
Qxe7+ Bxe7 9. d4 b5 10. Bb3 b4 11. Ne2 cxd5 12. Nxf4 Bb7 13. Ne5 O-O 14. a3
bxa3 15. bxa3 Nc6 16. Be3 Na5 1/2-1/2

[Event " "]
[Site "Lyon Olympique Echecs"]
[Date "21.??.??"]
[Round "6.5"]
[White "Spielmann, Alain"]
[Black "Howell, David Wl"]
[Result "1/2-1/2"]
[WhiteElo "2228"]
[BlackElo "2501"]
[PlyCount "150"]
[EventDate "21.??.??"]
[WhiteTeam "Epinal"]
[BlackTeam "Marseille Duchamps"]

1. Nf3 g6 2. c4 Bg7 3. e4 d6 4. d4 c6 5. Be2 a6 6. O-O Nf6 7. Nc3 O-O 8. Bg5 h6
9. Bh4 g5 10. Bg3 b5 11. Nd2 Nfd7 12. d5 b4 13. Na4 Ne5 14. h4 c5 15. hxg5 hxg5
16. Bxe5 Bxe5 17. Nf3 Bf6 18. Qd2 Bd7 19. Bd1 e6 20. e5 dxe5 21. Nxc5 exd5 22.
cxd5 g4 23. Nh2 g3 24. fxg3 Qb6 25. Kh1 Kg7 26. Rc1 Rh8 27. Nxd7 Nxd7 28. Bg4
Qb5 29. Qf2 Rh6 30. Bh3 Rah8 31. Ng4 Qxd5 32. Nxh6 Rxh6 33. Rcd1 Qc6 34. Kg1
Nf8 35. Bf5 e4 36. Qe3 Bxb2 37. Bxe4 Qc7 38. Bd5 f6 39. Bb3 Be5 40. Rf3 Rg6 41.
Kf1 a5 42. Qd3 a4 43. Bc4 Rg4 44. Rc1 b3 45. axb3 Qa7 46. Ke2 Rd4 47. Qe3 Qa8
48. Kf2 Re4 49. Qd2 a3 50. Rd3 Bd4+ 51. Rxd4 Qa7 52. Rh1 Qxd4+ 53. Qxd4 Rxd4
54. Ke3 Rd7 55. Ra1 Ra7 56. Kd4 Nd7 57. Kc3 Ne5 58. Kb4 Nc6+ 59. Kc5 Ne5 60.
Kb6 Ra8 61. Kb7 Ra5 62. Ba6 a2 63. Bc4 Nxc4 64. bxc4 Rc5 65. Rxa2 $11 Rxc4 66.
Kb6 Kg6 67. Kb5 Rc3 68. Kb4 Rxg3 69. Kc4 Kg5 70. Kd4 f5 71. Ke5 Rb3 72. Ra8
Re3+ 73. Kd4 Kf4 74. Rg8 Ra3 75. Rg7 Rg3 $11 1/2-1/2

[Event " "]
[Site "Lyon Olympique Echecs"]
[Date "21.??.??"]
[Round "6.6"]
[White "Boudre, Jean-Pierre"]
[Black "Cordier, Arnaud"]
[Result "1/2-1/2"]
[WhiteElo "2324"]
[BlackElo "2151"]
[PlyCount "42"]
[EventDate "21.??.??"]
[WhiteTeam "Marseille Duchamps"]

1. e4 c5 2. Nf3 d6 3. d4 cxd4 4. Nxd4 Nf6 5. Nc3 g6 6. Be3 Bg7 7. f3 O-O 8. Qd2
Nc6 9. Bc4 Bd7 10. h4 Ne5 11. Bb3 Qa5 12. h5 Nxh5 13. Bh6 Bxh6 14. Qxh6 Rac8
15. O-O-O Rxc3 16. bxc3 Rc8 17. Rxh5 gxh5 18. Qg5+ Kf8 19. Qh6+ Kg8 20. Qg5+
Kf8 21. Qh6+ Kg8 1/2-1/2

[Event " "]
[Site "Lyon Olympique Echecs"]
[Date "21.??.??"]
[Round "6.7"]
[White "Grenouilloux, Alain"]
[Black "Hulin, Jerome"]
[Result "1-0"]
[WhiteElo "2090"]
[BlackElo "2082"]
[PlyCount "169"]
[EventDate "21.??.??"]
[WhiteTeam "Epinal"]
[BlackTeam "Marseille Duchamps"]

1. d4 Nf6 2. Nf3 g6 3. g3 Bg7 4. Bg2 O-O 5. O-O d5 6. Na3 Nc6 7. Bf4 Nh5 8. Bg5
h6 9. Be3 Nf6 10. c3 Bf5 11. Qc1 Kh7 12. Nh4 Bg4 13. Qc2 Qd7 14. Rfe1 Bh3 15.
Bh1 Kg8 16. Rad1 g5 17. Ng2 Bf5 18. Qc1 Be4 19. f3 Bg6 20. h4 Qh3 21. hxg5 hxg5
22. Bxg5 Qxg3 23. Qf4 Nh5 24. Qxg3 Nxg3 25. Bf4 Nxh1 26. Kxh1 Rac8 27. Rg1 Bf6
28. Ne3 e6 29. Rg2 Kg7 30. Ng4 Rh8+ 31. Kg1 Rh5 32. Kf2 Bh4+ 33. Ke3 Bg5 34.
Rdg1 Bxf4+ 35. Kxf4 a6 36. Nb1 Na5 37. Ne5 Rf5+ 38. Ke3 Nc4+ 39. Nxc4 dxc4 40.
Nd2 c5 41. Ne4 cxd4+ 42. cxd4 Rd5 43. Ng5 Kf6 44. Ne4+ Ke7 45. Rc1 Rb5 46. Rc2
Bh7 47. Rg1 Ra5 48. a3 Rb5 49. Kf2 Rb3 50. Rgc1 b5 51. Nd2 Bxc2 52. Rxc2 Rxb2
53. Rxb2 c3 54. Rc2 cxd2 55. Rxd2 Rc3 56. Ra2 Kd6 57. e3 Kd5 58. Ke2 f5 59. Kd2
Rb3 60. a4 b4 61. Rc2 f4 62. Rc5+ Kd6 63. exf4 Rxf3 64. Ra5 Rxf4 65. Ke3 Rh4
66. Rxa6+ Kd5 67. Ra5+ Kd6 68. Rb5 Rh3+ 69. Kd2 b3 70. a5 Kc6 71. Rb6+ Kd5 72.
a6 b2 73. Kc2 b1=Q+ 74. Kxb1 Ra3 75. Kb2 Ra5 76. Kc3 e5 77. dxe5 Kxe5 78. Rh6
Ra1 79. Kc4 Rc1+ 80. Kb5 Kd5 81. Kb6 Rb1+ 82. Kc7 Rc1+ 83. Kb7 Ra1 84. a7 Rb1+
85. Rb6 1-0

[Event " "]
[Site "Lyon Olympique Echecs"]
[Date "21.??.??"]
[Round "6.8"]
[White "Fernandez, Laura"]
[Black "Baujard, Anne"]
[Result "1-0"]
[WhiteElo "2044"]
[BlackElo "1932"]
[PlyCount "43"]
[EventDate "21.??.??"]
[WhiteTeam "Marseille Duchamps"]

1. e4 c5 2. Nf3 d6 3. d4 cxd4 4. Nxd4 Nf6 5. Nc3 a6 6. a4 e6 7. Be2 Be7 8. O-O
O-O 9. Be3 Qc7 10. f4 Nbd7 11. Qe1 b6 12. Qg3 Nc5 13. Bf3 Bb7 14. f5 Kh8 15.
fxe6 fxe6 16. b4 e5 17. Nf5 g6 18. Nxe7 Nfxe4 19. Nxe4 Bxe4 20. Bxe4 Nxe4 21.
Qh4 Rxf1+ 22. Rxf1 1-0

[Event " "]
[Site "Lyon Olympique Echecs"]
[Date "21.??.??"]
[Round "6.1"]
[White "Chernuschevich, Alexei"]
[Black "Anic, Darko"]
[Result "1/2-1/2"]
[WhiteElo "2515"]
[BlackElo "2456"]
[PlyCount "53"]
[EventDate "21.??.??"]
[WhiteTeam "Besançon T.P.G."]
[BlackTeam "Cannes II"]

1. d4 c6 2. e4 d5 3. e5 Bf5 4. Be3 e6 5. Nd2 h6 6. Ne2 Nd7 7. Ng3 Bh7 8. Nb3
Ne7 9. Be2 Nf5 10. Nxf5 Bxf5 11. O-O h5 12. c3 h4 13. Nd2 Be7 14. b4 a5 15. a3
b5 16. a4 axb4 17. axb5 bxc3 18. bxc6 Rxa1 19. Qxa1 cxd2 20. Bb5 O-O 21. cxd7
Qb6 22. Qa6 Qxa6 23. Bxa6 Ra8 24. Bb5 Ra5 25. Be2 Ra7 26. Bb5 Ra5 27. Be2
1/2-1/2

[Event " "]
[Site "Lyon Olympique Echecs"]
[Date "21.??.??"]
[Round "6.2"]
[White "Guidarelli, Laurent"]
[Black "Miezis, Normunds"]
[Result "0-1"]
[WhiteElo "2450"]
[BlackElo "2517"]
[PlyCount "54"]
[EventDate "21.??.??"]
[WhiteTeam "Cannes II"]

1. d4 Nf6 2. c4 e6 3. Nf3 Bb4+ 4. Nbd2 c5 5. a3 Bxd2+ 6. Qxd2 cxd4 7. Qxd4 Nc6
8. Qc3 d5 9. cxd5 exd5 10. Bg5 d4 11. Qc5 h6 12. Bxf6 Qxf6 13. Rd1 b6 14. Qc4
O-O 15. Nxd4 Ne5 16. Qc2 Bg4 17. f3 Rac8 18. Qb3 Rfd8 19. e3 Bxf3 20. gxf3 Rxd4
21. Rxd4 Nxf3+ 22. Kd1 Nxd4 23. exd4 Qxd4+ 24. Bd3 Qf4 25. Bc2 Rd8+ 26. Ke1
Qd2+ 27. Kf1 Qc1+ 0-1

[Event " "]
[Site "Lyon Olympique Echecs"]
[Date "21.??.??"]
[Round "6.3"]
[White "Crut, Aurelien"]
[Black "Sanchez, Joseph"]
[Result "0-1"]
[WhiteElo "2369"]
[BlackElo "2482"]
[PlyCount "70"]
[EventDate "21.??.??"]
[WhiteTeam "Besançon T.P.G."]
[BlackTeam "Cannes II"]

1. e4 c5 2. Nf3 Nc6 3. Bb5 Nf6 4. Nc3 Qc7 5. O-O Nd4 6. Nxd4 cxd4 7. Nd5 Nxd5
8. exd5 Qc5 9. c4 a6 10. Ba4 b5 11. cxb5 axb5 12. Bb3 g6 13. d3 Bb7 14. Qf3 Bg7
15. Bg5 e6 16. Rac1 Qb6 17. Rfe1 O-O 18. Bf6 Bh6 19. Rc2 Rac8 20. Rce2 Qc5 21.
Qh3 Bg7 22. Bxg7 Kxg7 23. dxe6 fxe6 24. Qg3 Rf5 25. h4 Qf8 26. Re5 Rc5 27. R1e2
Bc6 28. Rxc5 Qxc5 29. Rc2 Qe7 30. Qg4 Qf6 31. Qe2 Qxh4 32. Bxe6 Bxg2 33. Kxg2
Rg5+ 34. Kf3 dxe6 35. Rc7+ Kf6 0-1

[Event " "]
[Site "Lyon Olympique Echecs"]
[Date "21.??.??"]
[Round "6.4"]
[White "Parmentier, Xavier"]
[Black "Sermier, Guillaume"]
[Result "1/2-1/2"]
[WhiteElo "2291"]
[BlackElo "2366"]
[PlyCount "49"]
[EventDate "21.??.??"]
[WhiteTeam "Cannes II"]

1. c4 c6 2. Nf3 Nf6 3. g3 d5 4. Bg2 Bg4 5. Ne5 Bf5 6. cxd5 cxd5 7. Nc3 e6 8. g4
Bg6 9. h4 h6 10. Nxg6 fxg6 11. Qc2 Kf7 12. h5 g5 13. Qg6+ Kg8 14. e4 Nc6 15.
exd5 Ne7 16. Qc2 Nexd5 17. d4 Bb4 18. O-O Rc8 19. Bd2 Rc6 20. Rfe1 Qc7 21. Nxd5
Rxc2 22. Nxc7 Bxd2 23. Re2 Rxc7 24. Rxd2 Kf7 25. Bf3 $11 1/2-1/2

[Event " "]
[Site "Lyon Olympique Echecs"]
[Date "21.??.??"]
[Round "6.5"]
[White "Claverie, Christophe"]
[Black "Delabaca, Romuald"]
[Result "1-0"]
[WhiteElo "2328"]
[BlackElo "2160"]
[PlyCount "131"]
[EventDate "21.??.??"]
[WhiteTeam "Besançon T.P.G."]
[BlackTeam "Cannes II"]

1. e4 c5 2. Nf3 d6 3. Bb5+ Bd7 4. Bxd7+ Qxd7 5. c4 Nf6 6. Nc3 g6 7. d4 cxd4 8.
Nxd4 Bg7 9. f3 O-O 10. Bg5 Rc8 11. b3 Nc6 12. Nde2 Qd8 13. Rb1 a6 14. a4 Qa5
15. Qd2 Kf8 16. O-O Rab8 17. Kh1 Qd8 18. Rfd1 Nb4 19. Qe3 Qa5 20. Qd2 Qd8 21.
h3 Nd7 22. Be3 Nc5 23. f4 Qc7 24. Bd4 Bxd4 25. Nxd4 Kg8 26. f5 Ncd3 27. Nc2
Nxc2 28. Qxd3 Nb4 29. Qf3 f6 30. Rd2 Kf7 31. Re1 Nc6 32. Nd5 Qd8 33. Qe3 Qf8
34. Nb6 Rd8 35. Red1 Qe8 36. Qc3 Ne5 37. a5 Qc6 38. Nd5 Rbc8 39. fxg6+ hxg6 40.
Rf1 Re8 41. Rdf2 Kg7 42. Qd2 Rcd8 43. Nf4 Kf7 44. Nd5 Kg7 45. Rc1 Qd7 46. Rc3
Rh8 47. Rg3 Rh4 48. Nf4 Rc8 49. Qd5 Rh6 50. Ne6+ Kh7 51. b4 Qc6 52. c5 dxc5 53.
bxc5 Rh4 54. Ng5+ Kg7 55. Ne6+ Kh7 56. Re2 Qb5 57. Re1 Rh5 58. Nf4 Rh6 59. Rc1
Qb2 60. Rgc3 Rc7 61. Qe6 Qf2 62. Nd5 Rd7 63. Rf3 Nxf3 64. Qxd7 Rh5 65. Qxe7+
Kh6 66. Qf8+ 1-0

[Event " "]
[Site "Lyon Olympique Echecs"]
[Date "21.??.??"]
[Round "6.6"]
[White "Kerbrat, Julien"]
[Black "Vesin, Jean-Robert"]
[Result "1-0"]
[WhiteElo "2172"]
[BlackElo "2315"]
[PlyCount "89"]
[EventDate "21.??.??"]
[WhiteTeam "Cannes II"]

1. e4 c5 2. Nf3 g6 3. c4 Bg7 4. Nc3 Nc6 5. g3 a6 6. Bg2 e6 7. O-O Nge7 8. d3
O-O 9. Ne2 d5 10. Nh4 b5 11. Rb1 bxc4 12. dxc4 d4 13. Bd2 Rb8 14. Nc1 e5 15.
Nd3 Be6 16. Qc1 Qd6 17. f4 f5 18. Nf2 exf4 19. gxf4 Qd7 20. e5 g5 21. Nf3 gxf4
22. Nd3 Qc7 23. Bxf4 Ng6 24. b3 Nb4 25. Nxb4 Rxb4 26. Bd2 Rbb8 27. Ng5 Bc8 28.
Bd5+ Kh8 29. e6 f4 30. Nf7+ Kg8 31. Bxf4 Nxf4 32. Qxf4 Qxf4 33. Rxf4 Re8 34.
Nd6 Re7 35. Nf5 Rbb7 36. Nxe7+ Rxe7 37. Re1 Bh6 38. Rf7 Re8 39. e7 Bd7 40. Rf8+
Kg7 41. Ref1 Be3+ 42. Kg2 d3 43. Rxe8 Bxe8 44. Rf8 d2 45. Bf3 1-0

[Event " "]
[Site "Lyon Olympique Echecs"]
[Date "21.??.??"]
[Round "6.7"]
[White "Naudier, Serge"]
[Black "Canneva, Florian"]
[Result "1-0"]
[WhiteElo "2268"]
[BlackElo "2087"]
[PlyCount "73"]
[EventDate "21.??.??"]
[WhiteTeam "Besançon T.P.G."]
[BlackTeam "Cannes II"]

1. e4 c5 2. Nf3 Nc6 3. d4 cxd4 4. Nxd4 g6 5. c4 Nf6 6. Nc3 d6 7. Be2 Nxd4 8.
Qxd4 Bg7 9. Bg5 O-O 10. Qe3 Be6 11. O-O Qb6 12. Qd2 Rfc8 13. b3 Qa5 14. Rac1 a6
15. f4 b5 16. f5 Bd7 17. fxg6 hxg6 18. e5 Ne8 19. Nd5 Qxd2 20. Bxd2 Rcb8 21.
Nxe7+ Kf8 22. Nxg6+ Kg8 23. Ne7+ Kf8 24. exd6 Nxd6 25. Bb4 Kxe7 26. c5 Bd4+ 27.
Kh1 Ne4 28. c6+ Ke6 29. Bg4+ Kd5 30. cxd7 Rg8 31. Rc8 Rh8 32. Bh3 Bb6 33. Rxa8
Rxa8 34. g3 a5 35. Be7 Bd8 36. Bxd8 Rxd8 37. Bg2 1-0

[Event " "]
[Site "Lyon Olympique Echecs"]
[Date "21.??.??"]
[Round "6.8"]
[White "Verot, Melanie"]
[Black "Hisleur, Gaelle"]
[Result "1-0"]
[WhiteElo "2092"]
[BlackElo "1939"]
[PlyCount "77"]
[EventDate "21.??.??"]
[WhiteTeam "Cannes II"]

1. d4 Nf6 2. c4 g6 3. Nc3 d5 4. e3 Bg7 5. Nf3 O-O 6. Be2 b6 7. O-O dxc4 8. Ne5
Bb7 9. Bxc4 e6 10. Qe2 Qe7 11. a4 Nbd7 12. Nd3 c5 13. b3 e5 14. dxc5 e4 15. Nf4
Nxc5 16. Bb2 Rfd8 17. Qc2 Rd7 18. Nb5 a6 19. Nd4 Rc8 20. Ba3 Qe5 21. Rad1 g5
22. Nfe2 Ng4 23. Ng3 h5 24. Qe2 Nxh2 25. Kxh2 h4 26. Qg4 hxg3+ 27. fxg3 Rcd8
28. Rf5 Qd6 29. Rdf1 Qh6+ 30. Kg1 Ne6 31. Nxe6 fxe6 32. Bxe6+ Kh7 33. Bxd7 Rxd7
34. Rxg5 Qc6 35. Qf5+ Kg8 36. Bb2 Qc7 37. Qf8+ Kh7 38. Rh5+ Kg6 39. Qf5# 1-0

[Event " "]
[Site "Lyon Olympique Echecs"]
[Date "21.??.??"]
[Round "6.1"]
[White "Karim, Ismael"]
[Black "Sulava, Nenad"]
[Result "1/2-1/2"]
[WhiteElo "2324"]
[BlackElo "2537"]
[PlyCount "22"]
[EventDate "21.??.??"]
[WhiteTeam "Paris Chess Club II"]
[BlackTeam "Hyères"]

1. e4 d6 2. d4 Nf6 3. Nc3 Nbd7 4. f4 e5 5. Nf3 exd4 6. Qxd4 c6 7. Be3 Be7 8.
O-O-O O-O 9. h3 Qa5 10. Bd2 Qb6 11. g4 Qxd4 $11 1/2-1/2

[Event " "]
[Site "Lyon Olympique Echecs"]
[Date "21.??.??"]
[Round "6.2"]
[White "Ninov, Nikolai"]
[Black "Glicenstein, Asher"]
[Result "1-0"]
[WhiteElo "2506"]
[BlackElo "2271"]
[PlyCount "55"]
[EventDate "21.??.??"]
[WhiteTeam "Hyères"]

1. e4 c5 2. Nf3 Nc6 3. d4 cxd4 4. Nxd4 e6 5. Nb5 d6 6. c4 Be7 7. Be2 a6 8. N5c3
Bf6 9. Be3 Nge7 10. O-O Ng6 11. Qd2 O-O 12. Rd1 Be7 13. Na4 Qe8 14. Nb6 Rb8 15.
Nc3 f6 16. f4 Nh8 17. Rac1 Nf7 18. Nca4 g5 19. g3 gxf4 20. gxf4 Kh8 21. Kh1
Ncd8 22. b4 Bd7 23. b5 axb5 24. Nxd7 Qxd7 25. cxb5 Rg8 26. Ba7 b6 27. Bxb8 Qb7
28. Qe3 1-0

[Event " "]
[Site "Lyon Olympique Echecs"]
[Date "21.??.??"]
[Round "6.4"]
[White "Marholev, Dimitar"]
[Black "Cohen, Aurelien"]
[Result "1-0"]
[WhiteElo "2345"]
[BlackElo "2217"]
[PlyCount "85"]
[EventDate "21.??.??"]
[WhiteTeam "Hyères"]

1. e4 c5 2. Nf3 Nc6 3. d4 cxd4 4. Nxd4 Qc7 5. Nc3 e6 6. Be2 a6 7. O-O Nf6 8.
Nxc6 bxc6 9. Bd3 d5 10. Qe2 Bb7 11. b3 Qe5 12. Bb2 dxe4 13. Bxe4 Nxe4 14. Qxe4
Qxe4 15. Nxe4 c5 16. Rfe1 Rd8 17. Ba3 Rc8 18. Rad1 Bxe4 19. Rxe4 c4 20. Bxf8
Rxf8 21. b4 Ke7 22. c3 Rfd8 23. Rxd8 Rxd8 24. g4 Rc8 25. g5 f6 26. gxf6+ Kxf6
27. Kg2 g5 28. Rd4 Rc6 29. a4 Kf5 30. Rd7 h6 31. Kf3 h5 32. Rd1 Ke5 33. Ke3 Rc7
34. Rd8 Rc6 35. h3 h4 36. f3 Rc7 37. Rg8 Rd7 38. Rxg5+ Kf6 39. Ra5 Rd3+ 40. Ke4
Rxc3 41. Rxa6 Rb3 42. b5 c3 43. Kd3 1-0

[Event " "]
[Site "Lyon Olympique Echecs"]
[Date "21.??.??"]
[Round "6.5"]
[White "Moussard, Jules"]
[Black "Langevin, Philippe"]
[Result "1-0"]
[WhiteElo "2190"]
[BlackElo "2208"]
[PlyCount "79"]
[EventDate "21.??.??"]
[WhiteTeam "Paris Chess Club II"]
[BlackTeam "Hyères"]

1. e4 c5 2. Nf3 d6 3. d4 cxd4 4. Nxd4 Nf6 5. Nc3 g6 6. f3 Bg7 7. Be3 O-O 8. Bc4
Nc6 9. Qd2 Nxd4 10. Bxd4 Be6 11. Bxe6 fxe6 12. O-O-O Qa5 13. Kb1 Rac8 14. Rhe1
e5 15. Be3 Rc4 16. Nd5 Qxd2 17. Rxd2 Nxd5 18. Rxd5 Rfc8 19. Rc1 a6 20. b3 Rc3
21. Bd2 R3c6 22. c4 Bf6 23. Be3 b6 24. a4 Kf7 25. Kb2 h5 26. Rcd1 g5 27. a5 b5
28. cxb5 Rc2+ 29. Kb1 R2c3 30. R1d3 e6 31. Rxd6 axb5 32. a6 Be7 33. Rd7 Ke8 34.
a7 Rxb3+ 35. Rxb3 Kxd7 36. Rxb5 Bd6 37. Bxg5 Kc6 38. Rb3 Bc7 39. Be3 Rg8 40. g4
1-0

[Event " "]
[Site "Lyon Olympique Echecs"]
[Date "21.??.??"]
[Round "6.6"]
[White "Comte, Frederic"]
[Black "Lopez, Jorge"]
[Result "1/2-1/2"]
[WhiteElo "2185"]
[BlackElo "2271"]
[PlyCount "70"]
[EventDate "21.??.??"]
[WhiteTeam "Hyères"]

1. e4 c6 2. Nf3 d5 3. Nc3 g6 4. d4 Bg4 5. Be2 Bg7 6. Be3 e6 7. O-O Nf6 8. e5
Nfd7 9. Ne1 Bxe2 10. Nxe2 c5 11. c3 Nc6 12. Qd2 O-O 13. Nd3 cxd4 14. cxd4 f6
15. f4 Qe7 16. Nc3 Nb6 17. b3 fxe5 18. fxe5 Rxf1+ 19. Rxf1 Rf8 20. Rxf8+ Bxf8
21. Nf2 a6 22. Ng4 Nd7 23. Ne2 Qf7 24. Ng3 Bb4 25. Qd3 Qf8 26. Bh6 Qd8 27. Ne2
Qe7 28. h3 Qf7 29. Be3 Bf8 30. Ng3 Kh8 31. Kh2 Be7 32. Qd2 Bb4 33. Qc1 Be7 34.
Qd2 Bb4 35. Qc1 Be7 1/2-1/2

[Event " "]
[Site "Lyon Olympique Echecs"]
[Date "21.??.??"]
[Round "6.7"]
[White "Eustache, Boris"]
[Black "Garro, Pierre"]
[Result "1/2-1/2"]
[WhiteElo "2147"]
[BlackElo "2181"]
[PlyCount "42"]
[EventDate "21.??.??"]
[WhiteTeam "Paris Chess Club II"]
[BlackTeam "Hyères"]

1. d4 Nf6 2. c4 g6 3. Nc3 Bg7 4. e4 d6 5. Be2 O-O 6. Nf3 e5 7. d5 a5 8. Nd2 Ne8
9. g4 Qh4 10. Rg1 Qe7 11. Nf3 Na6 12. h4 f5 13. gxf5 gxf5 14. Bg5 Qf7 15. Nd2
Kh8 16. Bh5 Qd7 17. exf5 Qxf5 18. Nde4 Nc5 19. Bg4 Qf7 20. Bh5 Qf5 21. Bg4 Qf7
$11 1/2-1/2

[Event " "]
[Site "Lyon Olympique Echecs"]
[Date "21.??.??"]
[Round "6.8"]
[White "Macarry, Elodie"]
[Black "Rigolot, Lucie"]
[Result "1-0"]
[WhiteElo "1897"]
[BlackElo "1659"]
[PlyCount "93"]
[EventDate "21.??.??"]
[WhiteTeam "Hyères"]

1. e4 c5 2. Nc3 Nc6 3. f4 e6 4. Nf3 d5 5. Bb5 Nge7 6. exd5 exd5 7. Qe2 f6 8.
Bxc6+ bxc6 9. O-O Kf7 10. Re1 Nf5 11. d3 Bd6 12. Bd2 Bd7 13. Qf2 Qc7 14. g3 h5
15. Na4 d4 16. b3 Be6 17. Rac1 Rh6 18. c3 Rg6 19. Kf1 Re8 20. Re2 Nh6 21. cxd4
Bh3+ 22. Ke1 Ng4 23. Qg1 Rxe2+ 24. Kxe2 Qe7+ 25. Kd1 cxd4 26. f5 Ne3+ 27. Bxe3
dxe3 28. fxg6+ Kxg6 29. Ke2 Bg4 30. Qxe3 Bxf3+ 31. Kxf3 Qd7 32. Qe4+ Kf7 33.
Rxc6 f5 34. Qd5+ Ke7 35. Qxd6+ Qxd6 36. Rxd6 Kxd6 37. Kf4 Ke6 38. Nc3 Kf6 39.
Nd5+ Ke6 40. Ne3 g6 41. Kg5 Ke5 42. Kxg6 f4 43. gxf4+ Kxf4 44. d4 Ke4 45. d5
Ke5 46. Kxh5 Kd6 47. Kg6 1-0

[Event " "]
[Site "Lyon Olympique Echecs"]
[Date "21.??.??"]
[Round "6.1"]
[White "Pira, Davoud"]
[Black "Williams, Simon"]
[Result "1-0"]
[WhiteElo "2395"]
[BlackElo "2483"]
[PlyCount "53"]
[EventDate "21.??.??"]
[WhiteTeam "Lutèce Echecs"]
[BlackTeam "Avignon"]

1. d4 e6 2. Nf3 f5 3. d5 exd5 4. Qxd5 d6 5. g3 Nf6 6. Qb3 Na6 7. c4 Nc5 8. Qc2
g6 9. Bg2 Bg7 10. O-O O-O 11. b4 Nce4 12. Bb2 Qe7 13. Nc3 c6 14. Rad1 Bd7 15.
Nxe4 fxe4 16. Ng5 e3 17. f4 a5 18. b5 Bf5 19. Qb3 a4 20. Qa3 c5 21. h3 h6 22.
Nf3 Ne4 23. Bxg7 Qxg7 24. g4 Nc3 25. gxf5 Nxe2+ 26. Kh2 gxf5 27. Rxd6 1-0

[Event " "]
[Site "Lyon Olympique Echecs"]
[Date "21.??.??"]
[Round "6.2"]
[White "Hinks-Edwards, Thom"]
[Black "San Emeterio Cabanes, Jose L"]
[Result "1-0"]
[WhiteElo "2363"]
[BlackElo "2392"]
[PlyCount "125"]
[EventDate "21.??.??"]
[WhiteTeam "Avignon"]

1. e4 c5 2. Nc3 Nc6 3. Bb5 Nd4 4. Bc4 e6 5. Nge2 a6 6. Nxd4 cxd4 7. Ne2 b5 8.
Bb3 Bc5 9. c3 dxc3 10. bxc3 Bb7 11. d4 Be7 12. f3 Nf6 13. O-O a5 14. Be3 Qc7
15. Bf4 d6 16. Rc1 a4 17. Bc2 e5 18. Be3 O-O 19. Bd3 Bc6 20. Ng3 Bd7 21. Kh1
Rfc8 22. Qe2 Rab8 23. f4 Ng4 24. Bd2 exd4 25. cxd4 Qb6 26. h3 Nh6 27. Be3 d5
28. f5 dxe4 29. Bxe4 Bh4 30. Rxc8+ Rxc8 31. Nh5 Re8 32. Qf3 Qd6 33. f6 Qe6 34.
Nxg7 Qxe4 35. Nxe8 Nf5 36. Qxe4 Ng3+ 37. Kg1 Nxe4 38. Rf4 Nc3 39. Rxh4 Bxe8 40.
Rg4+ Kh8 41. d5 Nxd5 42. Bc5 Bd7 43. Rg5 Be6 44. a3 h6 45. Re5 Kg8 46. Be7 Nc3
47. h4 Bc4 48. Kf2 Kh7 49. Ke3 Kg6 50. h5+ Kh7 51. Rc5 Nd5+ 52. Ke4 Nc3+ 53.
Ke5 Ne2 54. Bf8 Ng3 55. Kf4 Ne2+ 56. Ke3 Nc3 57. Bg7 Nd5+ 58. Ke4 Nb6 59. Kd4
Be2 60. Ke3 Bd1 61. Rxb5 Nc4+ 62. Kf4 Nxa3 63. Rb8 1-0

[Event " "]
[Site "Lyon Olympique Echecs"]
[Date "21.??.??"]
[Round "6.3"]
[White "Babault, Patrice"]
[Black "Rahal, Michael"]
[Result "1/2-1/2"]
[WhiteElo "2310"]
[BlackElo "2390"]
[PlyCount "44"]
[EventDate "21.??.??"]
[WhiteTeam "Lutèce Echecs"]
[BlackTeam "Avignon"]

1. e4 e6 2. d4 d5 3. Nc3 Bb4 4. e5 Ne7 5. a3 Bxc3+ 6. bxc3 c5 7. Qg4 Qc7 8.
Qxg7 Rg8 9. Qxh7 cxd4 10. Ne2 Nbc6 11. f4 Bd7 12. Qd3 dxc3 13. Nxc3 Na5 14. Nb5
Bxb5 15. Qxb5+ Nec6 16. Bd2 O-O-O 17. Qc5 Nc4 18. Bxc4 dxc4 19. g3 Rd5 20. Qf2
Nxe5 21. Bc3 Nc6 22. O-O $11 Rgd8 1/2-1/2

[Event " "]
[Site "Lyon Olympique Echecs"]
[Date "21.??.??"]
[Round "6.4"]
[White "Duquesnoy, Jean-Philippe"]
[Black "Garbarino, Xavier"]
[Result "1/2-1/2"]
[WhiteElo "2253"]
[BlackElo "2242"]
[PlyCount "115"]
[EventDate "21.??.??"]
[WhiteTeam "Avignon"]

1. d4 Nc6 2. Bg5 d5 3. e3 f6 4. Bh4 Nh6 5. c4 Nf5 6. Bg3 e5 7. dxe5 d4 8. exd4
Qxd4 9. Nc3 Nxg3 10. hxg3 Qxe5+ 11. Qe2 Bb4 12. Rc1 Bf5 13. Nf3 Qxe2+ 14. Bxe2
O-O-O 15. Kf1 Bxc3 16. Rxc3 Rhe8 17. g4 Bg6 18. c5 Nb4 19. a3 Nd3 20. Bxd3 Rxd3
21. Rxd3 Bxd3+ 22. Kg1 Re2 23. Rh3 Rxb2 24. Nd4 Bg6 25. c6 bxc6 26. Nxc6 Kd7
27. Nd4 c5 28. Nf5 Kc6 29. Ne7+ Kb5 30. Nxg6 hxg6 31. Rh7 c4 32. Rxg7 c3 33.
Kh2 c2 34. Rc7 Ka4 35. Rc3 g5 36. f3 a5 37. Kg3 Kb5 38. Kh2 Ka4 39. Kg3 Rb3 40.
Rxc2 Kxa3 41. Rc6 a4 42. Ra6 Rb4 43. Rxf6 Kb3 44. Re6 a3 45. Re3+ Ka4 46. Re2
Rc4 47. Kh3 Kb3 48. g3 a2 49. Rxa2 Kxa2 50. f4 gxf4 51. gxf4 Rxf4 52. Kh4 Kb3
53. Kg5 Rd4 54. Kf5 Kc4 55. g5 Kd5 56. g6 Rd1 57. g7 Rg1 58. Kf6 1/2-1/2